Statistiques concernant Records de montagnes russes en France (roller coaster)

Cliquez ici pour prendre le quiz!

Statistiques générales

  • Ce quiz a été pris 117 fois
  • Le résultat moyen est 24 sur 41

Statistiques - réponses

HauteurParcCoaster% Correct
36,0 mParc AsterixGoudurix
91%
90,0 km/hParc AsterixGoudurix
91%
950,0 mParc AsterixGoudurix
91%
1 000,0 mParc AsterixOzIris
91%
40,0 mParc AstérixOzIris
91%
90,0 km/hParc AsterixOzIris
91%
29,9 mParc AsterixTonnerre 2 Zeus
83%
83,7 km/hParc AsterixTonnerre 2 Zeus
83%
1 232,6 mParc AsterixTonnerre 2 Zeus
83%
765,0 mDisneyland ParisStar Wars Hyperspace Mountain
81%
32,0 mDisneyland ParisStar Wars Hyperspace Mountain
81%
90,0 km/hWalygator Grand EstMonster
73%
1 200,0 mWalygator Grand EstMonster
73%
40,0 mWalygator Grand EstMonster
73%
33,0 mNiglolandAlpina Blitz
68%
83,0 km/hNiglolandAlpina Blitz
68%
91,7 km/hDisneyland ParisRock 'n' Roller Coaster
68%
996,0 mDisneyland ParisRock 'n' Roller Coaster
68%
1 205,0 mDisneyland ParisBig Thunder Mountain
60%
31,0 mWalibi Rhône-AlpesMystic
59%
85,0 km/hWalibi Rhône-AlpesMystic
59%
1 200,0 mWalygator Grand EstAnaconda
56%
36,0 mWalygator Grand EstAnaconda
56%
900,0 mParc AsterixTrace Du Hourra
54%
1 000,0 mLe PalYukon Quad
54%
90,0 km/hLe PalYukon Quad
54%
928,0 mParc AsterixPégase Express
49%
40,0 mBagatelleTriops
49%
80,5 km/hBagatelleTriops
49%
29,3 mFraispertuis CityTimber Drop
46%
75,6 km/hWalygator Sud-OuestBoomerang
41%
35,5 mWalygator Sud-OuestBoomerang
41%
80,0 km/h
La Récré des 3 Curés
Vertika
39%
75,6 km/hWalibi Rhône-AlpesGenerator
30%
35,5 mWalibi Rhône-AlpesGenerator
30%
79,0 km/hNiglolandKrampus Expédition
27%
30,0 mFabrikus WorldEuroLoop
22%
750,0 mFabrikus WorldEuroLoop
22%
28,5 mParc Spirou ProvenceNid des Marsupilamis
21%
800,0 mNiglolandSpatiale Expérience
19%
72,0 km/h
Parc Marseillan-Plage
Gotham
12%

Distribution des résultats

Percentile par nombre de réponses

% des personnes avec chaque résultat

Votre développement - résultats

Vous n’avez pas pris ce quiz